More on BH's and GW's III (Record no. 17698)

MARC details
000 -LEADER
fixed length control field 00564nam a2200193Ia 4500
003 - CONTROL NUMBER IDENTIFIER
control field IN-BaIIA
008 - FIXED-LENGTH DATA ELEMENTS--GENERAL INFORMATION
fixed length control field 211028s9999 xx 000 0 eng d
020 ## - INTERNATIONAL STANDARD BOOK NUMBER
International Standard Book Number 978-88-7830-476-5
040 ## - CATALOGING SOURCE
Transcribing agency IIA Library
080 ## - UNIVERSAL DECIMAL CLASSIFICATION NUMBER
Universal Decimal Classification number 524.834
Item number LOI
100 ## - MAIN ENTRY--PERSONAL NAME
Personal name Loinger, Angelo
9 (RLIN) 26821
245 #0 - TITLE STATEMENT
Title More on BH's and GW's III
Statement of responsibility, etc. Angelo Loinger
260 ## - PUBLICATION, DISTRIBUTION, ETC.
Place of publication, distribution, etc. Pavia
Name of publisher, distributor, etc. La Goliardica Pavese
Date of publication, distribution, etc. 2007
300 ## - PHYSICAL DESCRIPTION
Extent 91p.
650 ## - SUBJECT ADDED ENTRY--TOPICAL TERM
Topical term or geographic name entry element Black holes
9 (RLIN) 7728
650 ## - SUBJECT ADDED ENTRY--TOPICAL TERM
Topical term or geographic name entry element Gravitational waves
9 (RLIN) 3825
650 ## - SUBJECT ADDED ENTRY--TOPICAL TERM
Topical term or geographic name entry element Massive star
9 (RLIN) 25481
942 ## - ADDED ENTRY ELEMENTS (KOHA)
Koha item type Books
Holdings
Withdrawn status Lost status Damaged status Not for loan Home library Current library Shelving location Date acquired Cost, normal purchase price Total Checkouts Full call number Barcode Date last seen Cost, replacement price Price effective from Koha item type Purchase Price
        IIA Library-Bangalore IIA Library-Bangalore General Stacks 24/04/2010 5826.00   524.834/ LOI 18620 05/11/2021 5826.00 24/04/2010 Books Rs. 5826.00

Powered by Koha